000 01301nam a2200397 a 4500
001 vtls000023008
003 NLI
005 20210601182637.0
008 101125s1995 enka 001 0 eng
020 _a0749415614
_cRs. 995.00
039 9 _y201011250200
_zVLOAD
040 0 _aNLI
_beng
_cVERGIS-2003
041 0 _aeng
044 _aenk
082 0 4 _a658.562
100 1 _aHO, Samuel K
_975339
245 1 0 _aT & M an integrated approach:
_bimplementing total quality through Japanese 5 - S and ISO 9000/
_cSamuel K H O
260 _aLondon:
_bKegan Page,
_cc1995
300 _a292 p.:
_bill.;
_c21 cm.
504 _aIncluding bibliographical references and index
650 0 _aTotal quality management
_94550
650 0 _aISO 9000 series standard
_975340
650 0 _aQuality control
650 0 _aQuality circles
_975341
650 0 _aProblem solving
887 _aA. Kannan
901 _a526887
_b24/03/1996
902 _aE 658.562 H 65
903 _a15/03/2004
904 _aA. Kannan
906 _a023419
949 _AVIRTUAITEM
_D10000
_F1
_X100
_6PUR000526887ENG
_aE 658.562 H65
942 _2ddc
_cBKS
999 _aVIRTUA
_c28443
_d28443
999 _aVTLSSORT0080*0200*0400*0410*0440*0820*1000*2450*2600*3000*5040*6500*6501*6502*6503*6504*8520*9010*9020*9030*9040*9060*9490*9991